Normal view
MARC view
- Dick,M
Entry Personal Name
001 - CONTROL NUMBER
- control field: 1166
003 - CONTROL NUMBER IDENTIFIER
- control field: OSt
005 - DATE AND TIME OF LATEST TRANSACTION
- control field: 20160725112405.0
008 - FIXED-LENGTH DATA ELEMENTS
- fixed length control field: 160725|| aca||aabn | a|a d
040 ## - CATALOGING SOURCE
- Original cataloging agency: OSt
- Transcribing agency: OSt
100 ## - HEADING--PERSONAL NAME
- Personal name: Dick,M
670 ## - SOURCE DATA FOUND
- Source citation: Work cat.: (OSt): Adam M. 1165, Food Microbiology: An Introduction, 2014
